Anales

-д хадгалсан:
Номзүйн дэлгэрэнгүй
Байгууллагын зохиогч: Universidad del Bio-Bio
Формат: Ном
Хэл сонгох:испани
англи
португал
Хэвлэсэн: Concepción Universidad del Bio-Bio 1989
Нөхцлүүд:
Шошгууд: Шошго нэмэх
Шошго байхгүй, Энэхүү баримтыг шошголох эхний хүн болох!

MARC

LEADER 00000nam a2200000 a 4500
001 UCV6196
003 CL-VaPUC
005 20220315074407.0
008 900123e19890000CL |||||||||||||||||spa|d
999 |c 301240  |d 301238 
040 |c Pontificia Universidad Católica de Valparaíso 
041 0 7 |a spa  |2 CL-VaPUC 
041 0 7 |a eng  |2 CL-VaPUC 
041 0 7 |a por  |2 CL-VaPUC 
082 0 4 |a 621.306 UNI 1989  |2 21 
110 2 |a Universidad del Bio-Bio  |9 471147 
245 1 0 |a Anales 
260 |a Concepción  |b Universidad del Bio-Bio  |c 1989 
300 |a 544 páginas 
583 |a last modification  |c 19900123 00:00:00  |k Rodrigo Vera 
650 7 |a INGENIERIA ELECTRICA  |2 CL-VaPUC  |9 471148 
650 0 |a Congresos  |9 257560 
942 |c BK  |2 ddc 
945 |d 19900123 00:00:00 
952 |0 0  |1 0  |2 ddc  |4 0  |6 621_306000000000000_UNI_1989  |7 0  |8 A  |9 360021  |a BIBING  |b BIBING  |d 2019-11-21  |i 2610507  |o 621.306 UNI 1989  |p 2610507  |r 2025-01-20  |t 1  |w 2019-11-21  |y BK  |k EIE